000 00425cam a22001337a 4500
008 180718b1973 xxu||||| |||| 00| 0 eng d
082 _aT1603 sa79 1 C.2
100 _aSrivasan ,T. R.
245 _aL.S. Sastri's law and practice of co-operative societies in India
_cBy T. R. Srivasan
250 _a2nd
260 _aAllahabad
_bLaw
_c1973
300 _a802p, Vol- I
650 _aCooperative societies Law and legislation India
999 _c412273
_d412273